000 00711nam a2200217Ii 4500
003 JO-AjNU
008 230605s9999||||xx |||||||||||||| ||und||
017 _a2005/9/2289
040 _aJO-AjNU
_bara
_erda
_cJO-AjNU
041 _aara
050 1 4 _aLB1028.35 2006
100 3 _aالزعبي، ابراهيم احمد,
_eauthor
_957733
245 0 0 _aطرق التدريس العامة: مهارات واستراتيجيات
250 _aط1
264 3 1 _aالمفرق: دارالمسار،2005
300 _a291ص
_bببليوجرافيا:285-291
336 _atext
_btxt
_2rdacontent
337 _aunmediated
_bn
_2rdamedia
338 _avolume
_bnc
_2rdacarrier
650 4 _aطرق التدريس
_957734
999 _aA25889
_c29457
_d29457